| 000 | 00615cam a22002055a 4500 | ||
|---|---|---|---|
| 001 | L141785 | ||
| 008 | 071220s1899 xxk eng u | ||
| 035 | _a(Sirsi) u141785 | ||
| 041 | 0 | _aeng | |
| 110 | 2 |
_aInstitute of Estate and House Agents _95481 |
|
| 245 | 0 | 0 | _aList of officers 1898-9 |
| 260 |
_a[London] _b[The Institute] _c[1899] |
||
| 300 |
_a20 p. _c22 cm. |
||
| 340 | _aPrinted | ||
| 351 | _cSingle item | ||
| 500 | _aAlso includes list of rules and regulations, terms of commission and list of members. | ||
| 651 | 4 |
_aUnited Kingdom _y |
|
| 690 | _aABOUT RICS-RELATED ORGANISATIONS | ||
| 942 | _n0 | ||
| 999 |
_c116775 _d116775 |
||